[Event "Amager Klubmesterskab 2009"]
[Site "Sundbyoster"]
[Date "2009.01.20"]
[Round "1"]
[White "Herup, Charni"]
[Black "Jacobsen, Mads Holger Bang"]
[Result "0-1"]
[WhiteElo "1485"]
[BlackElo "1791"]
[PlyCount "40"]
[EventDate "2009.??.??"]

1. d4 d5 2. e4 dxe4 3. Nc3 Nf6 4. f3 exf3 5. Nxf3 e6 6. Bg5 Be7 7. Bd3 Nbd7 8.
O-O O-O 9. Qe1 c5 10. Qh4 Re8 11. Ne5 h6 12. Ne4 hxg5 13. Nxg5 Nxe5 14. Bh7+
Kf8 15. dxe5 Qd4+ 16. Qxd4 cxd4 17. exf6 gxf6 18. Nf3 f5 19. Nxd4 Bc5 20. b4
Bxd4+ 0-1

[Event "Amager Klubmesterskab 2009"]
[Site "Sundbyoster"]
[Date "2009.01.20"]
[Round "1"]
[White "Justesen, Martin"]
[Black "Kokholm, Daniel"]
[Result "1-0"]
[WhiteElo "1467"]
[BlackElo "1909"]
[PlyCount "59"]
[EventDate "2009.??.??"]

1. e4 c5 2. Nf3 Nc6 3. d4 cxd4 4. Nxd4 g6 5. Bc4 Bg7 6. c3 d6 7. Qf3 Nf6 8. O-O
Qc7 9. Bb3 O-O 10. Nxc6 Qxc6 11. Re1 Nd7 12. Bg5 e6 13. Nd2 Nc5 14. Bc2 Nd7 15.
Rad1 Ne5 16. Qe3 h6 17. Bh4 f6 18. f4 Nf7 19. Bb3 Qc5 20. Nc4 Rd8 21. Qxc5 dxc5
22. Rxd8+ Nxd8 23. Nd6 Bd7 24. Rd1 Bc6 25. f5 gxf5 26. exf5 b5 27. Bxe6+ Kf8
28. Bf2 c4 29. Bc5 Ke7 30. Nxb5+ 1-0

[Event "Amager Klubmesterskab 2009"]
[Site "Sundbyoster"]
[Date "2009.01.20"]
[Round "1"]
[White "Larsen, Ulrik Jejlskov"]
[Black "Lunding, Peter M"]
[Result "0-1"]
[WhiteElo "1638"]
[BlackElo "1912"]
[PlyCount "30"]
[EventDate "2009.??.??"]

1. d4 d5 2. e3 Nf6 3. Bd3 c6 4. Nf3 Bg4 5. Nbd2 Nbd7 6. c3 e5 7. dxe5 Nxe5 8.
Be2 Nxf3+ 9. Bxf3 Bf5 10. O-O Bc5 11. Qa4 O-O 12. Re1 Re8 13. e4 dxe4 14. Nxe4
Nxe4 15. Bxe4 Bxe4 0-1

[Event "Amager Klubmesterskab 2009"]
[Site "Sundbyoster"]
[Date "2009.01.20"]
[Round "1"]
[White "Moller, Arne Vagn"]
[Black "Nielsen, Jens Holm"]
[Result "0-1"]
[WhiteElo "1764"]
[BlackElo "1829"]
[PlyCount "50"]
[EventDate "2009.??.??"]

1. e4 Nc6 2. d4 d5 3. e5 f6 4. f4 Bf5 5. c3 e6 6. Nf3 Qd7 7. Nbd2 Nh6 8. b4 Ng4
9. Nb3 Nxb4 10. cxb4 Bxb4+ 11. Bd2 Ne3 12. Qc1 Bxd2+ 13. Nfxd2 Nc2+ 14. Kf2
Nxa1 15. Qxa1 O-O 16. Be2 fxe5 17. dxe5 Be4 18. Rf1 Rxf4+ 19. Kg1 Rxf1+ 20.
Bxf1 Bg6 21. Qc3 b6 22. Nd4 c5 23. Nb5 Rf8 24. Nd6 Qa4 25. Qh3 Qd4+ 0-1

[Event "Amager Klubmesterskab 2009"]
[Site "Sundbyoster"]
[Date "2009.01.20"]
[Round "1"]
[White "Nielsen, Bjorn"]
[Black "Pedersen, Claus"]
[Result "0-1"]
[WhiteElo "1083"]
[BlackElo "1277"]
[PlyCount "94"]
[EventDate "2009.??.??"]

1. d4 d5 2. c4 c5 3. Qa4+ Nc6 4. dxc5 e5 5. Nc3 d4 6. Ne4 Nf6 7. Bf4 exf4 8.
Nd6+ Bxd6 9. cxd6 Qxd6 10. Qa3 Qxa3 11. bxa3 O-O 12. Nh3 Bf5 13. Nxf4 Rfe8 14.
Rd1 Rad8 15. g4 Be6 16. Nd5 Nxd5 17. cxd5 Bxd5 18. f3 Bxf3 19. Rg1 Bd5 20. Kf2
Re5 21. Bg2 Bxg2 22. Rxg2 Rde8 23. Rd2 R8e6 24. Kg1 g6 25. h3 Re3 26. Rd3 Rxe2
27. Rxe2 Rxe2 28. Rb3 b6 29. Rf3 Rxa2 30. g5 Ne5 31. Rf2 Rxa3 32. h4 d3 33. Kh1
Nc4 34. Rf1 d2 35. Rd1 Rd3 36. Kg2 Ne3+ 37. Kf2 Nxd1+ 38. Ke2 Rd8 39. Kxd1 a5
40. h5 gxh5 41. g6 hxg6 42. Kc2 d1=Q+ 43. Kc3 Rc8+ 44. Kb2 Qc1+ 45. Kb3 Qb1+
46. Ka3 Rc3+ 47. Ka4 Qb4# 0-1

[Event "Amager Klubmesterskab 2009"]
[Site "Sundbyoster"]
[Date "2009.02.26"]
[Round "1"]
[White "Nielsen, Mogens Bach"]
[Black "Nielsen, John Holm"]
[Result "1/2-1/2"]
[WhiteElo "1755"]
[BlackElo "2003"]
[PlyCount "65"]
[EventDate "2009.??.??"]

1. c4 e5 2. Nc3 Nf6 3. Nf3 Nc6 4. e4 Bc5 5. Nxe5 Nxe5 6. d4 Bb4 7. dxe5 Nxe4 8.
Qd4 Nxc3 9. bxc3 Be7 10. Bd3 d6 11. exd6 Qxd6 12. O-O O-O 13. Bf4 Qxd4 14. cxd4
Bf6 15. Bxc7 Bxd4 16. Rad1 Bb6 17. Bxb6 axb6 18. Rd2 Be6 19. Rb1 Rfd8 20. Rbd1
Kf8 21. Bf1 Ke7 22. f3 Rxd2 23. Rxd2 Rd8 24. Rxd8 Kxd8 25. Kf2 b5 26. cxb5 Bxa2
27. Ke3 Kc7 28. Kd4 f6 29. Bc4 Bxc4 30. Kxc4 Kd6 31. Kd4 g6 32. f4 g5 33. g3
1/2-1/2

[Event "Amager Klubmesterskab 2009"]
[Site "Sundbyoster"]
[Date "2009.01.20"]
[Round "1"]
[White "Petersen, Nils"]
[Black "Svensson, John Michael"]
[Result "1-0"]
[WhiteElo "2032"]
[BlackElo "1518"]
[PlyCount "89"]
[EventDate "2009.??.??"]

1. c4 Nf6 2. Nc3 e6 3. e4 d6 4. d4 Nbd7 5. Nf3 Be7 6. Be2 e5 7. dxe5 dxe5 8.
O-O O-O 9. Qc2 c6 10. b3 Qc7 11. Bb2 Re8 12. Rad1 Bd6 13. Rd2 Nf8 14. Rfd1 Bc5
15. Na4 Bb4 16. Bc3 Bxc3 17. Nxc3 Bg4 18. Ne1 Be6 19. Na4 N8d7 20. c5 Rad8 21.
Bc4 Nf8 22. Nf3 h6 23. Rxd8 Rxd8 24. Rxd8 Qxd8 25. h3 Ng6 26. Bxe6 fxe6 27. g3
Qc7 28. Qc4 Qd7 29. Nb2 Qe8 30. Nd3 Nd7 31. Qc3 Qe7 32. b4 Qf6 33. Kg2 Kf7 34.
Nd2 Ke7 35. Nc4 Kd8 36. Nd6 b6 37. cxb6 Nxb6 38. Qxc6 Qf8 39. Nb7+ Ke7 40. Ndc5
Qe8 41. Qd6+ Kf6 42. Nd8 Nc4 43. Nd7+ Kg5 44. Nxe6+ Kh5 45. Nxg7+ 1-0

[Event "Amager Klubmesterskab 2009"]
[Site "Sundbyoster"]
[Date "2009.01.20"]
[Round "1"]
[White "Sorensen, Johnny"]
[Black "Varming, Thomas"]
[Result "1/2-1/2"]
[WhiteElo "1273"]
[BlackElo "1820"]
[PlyCount "80"]
[EventDate "2009.??.??"]

1. d4 Nf6 2. c4 g6 3. Nc3 d5 4. Nf3 Bg7 5. e3 O-O 6. Bd3 dxc4 7. Bxc4 c5 8. Qc2
Nc6 9. a3 cxd4 10. exd4 Nxd4 11. Nxd4 Qxd4 12. Ne2 Qe4 13. Qxe4 Nxe4 14. O-O
Bd7 15. Re1 Bc6 16. f3 Nd6 17. Ba2 Rac8 18. Rb1 h6 19. Nf4 Bd4+ 20. Be3 Bxe3+
21. Rxe3 Nf5 22. Re5 Kg7 23. Nh5+ Kh8 24. Nf4 Rce8 25. Rbe1 e6 26. Bxe6 Rxe6
27. Nxe6 fxe6 28. Rxe6 Kg7 29. g4 Nd4 30. Re7+ Rf7 31. Rxf7+ Kxf7 32. Rf1 Nxf3+
33. Kg2 Kf6 34. Rxf3+ Kg5 35. Kg3 Bxf3 36. Kxf3 Kh4 37. Kf4 g5+ 38. Kf5 h5 39.
h3 b6 40. b3 b5 1/2-1/2

[Event "Amager Klubmesterskab 2009"]
[Site "Sundbyoster"]
[Date "2009.02.03"]
[Round "2"]
[White "Pedersen, Claus"]
[Black "Petersen, Nils"]
[Result "0-1"]
[WhiteElo "1277"]
[BlackElo "2032"]
[PlyCount "40"]
[EventDate "2009.??.??"]

1. e4 c5 2. c3 Nf6 3. f3 e5 4. Bc4 Nc6 5. Ne2 d5 6. exd5 Nxd5 7. O-O Nb6 8. Bb5
Be7 9. Bxc6+ bxc6 10. f4 e4 11. Ng3 f5 12. Qh5+ g6 13. Qe2 O-O 14. a4 a5 15. b3
Ba6 16. c4 Qd4+ 17. Kh1 Qxa1 18. Nc3 Bf6 19. Bb2 Qxb2 20. Rb1 Qc2 0-1

[Event "Amager Klubmesterskab 2009"]
[Site "Sundbyoster"]
[Date "2009.02.03"]
[Round "2"]
[White "Jacobsen, Mads Holger Bang"]
[Black "Justesen, Martin"]
[Result "1-0"]
[WhiteElo "1791"]
[BlackElo "1467"]
[PlyCount "99"]
[EventDate "2009.??.??"]

1. d4 Nf6 2. c4 e6 3. Nc3 Bb4 4. Qc2 c5 5. dxc5 Bxc5 6. Nf3 O-O 7. Bg5 Nc6 8.
a3 Nd4 9. Nxd4 Bxd4 10. e3 Be5 11. Bd3 h6 12. Bh4 Qc7 13. Bg3 b6 14. Rd1 Nh5
15. Nb5 Qb8 16. Be4 Nxg3 17. hxg3 a6 18. Bxa8 Qxa8 19. Nd6 Qxg2 20. Rf1 Bb7 21.
Nxb7 Qxb7 22. f4 Bb8 23. Kf2 f5 24. Qd3 Rd8 25. Qb3 Qc6 26. Rd3 d6 27. Rg1 Qc5
28. Qb4 a5 29. Qxc5 bxc5 30. g4 fxg4 31. Rxg4 a4 32. e4 Rf8 33. Ke3 Bc7 34. b4
cxb4 35. axb4 Rb8 36. b5 Rd8 37. Ra3 Bb6+ 38. Kd3 Bc5 39. Ra2 a3 40. Kc3 Kf7
41. Rh4 e5 42. fxe5 dxe5 43. Rhh2 Kg8 44. Rhd2 Rf8 45. Rd5 Rf3+ 46. Kc2 Rf2+
47. Kb3 Rxa2 48. Kxa2 Bd4 49. c5 h5 50. b6 1-0

[Event "Amager Klubmesterskab 2009"]
[Site "Sundbyoster"]
[Date "2009.02.03"]
[Round "2"]
[White "Kokholm, Daniel"]
[Black "Larsen, Ulrik Jejlskov"]
[Result "1-0"]
[WhiteElo "1909"]
[BlackElo "1638"]
[PlyCount "49"]
[EventDate "2009.??.??"]

1. e4 d5 2. Nc3 d4 3. Nce2 e5 4. Ng3 Bd6 5. Bc4 Nf6 6. Nf3 h6 7. c3 c5 8. d3
dxc3 9. bxc3 Nc6 10. a4 Be6 11. Bxe6 fxe6 12. O-O Qe7 13. Rb1 Rd8 14. Re1 Na5
15. Qe2 Nc6 16. Be3 Bb8 17. Red1 Ng4 18. Bc1 h5 19. Bg5 Nf6 20. Nh4 Qf7 21. Rf1
Rd6 22. Rb5 Nh7 23. f4 Nxg5 24. fxg5 Qd7 25. Ng6 1-0

[Event "Amager Klubmesterskab 2009"]
[Site "Sundbyoster"]
[Date "2009.02.03"]
[Round "2"]
[White "Larsen, Kim"]
[Black "Herup, Charni"]
[Result "0-1"]
[WhiteElo "1538"]
[BlackElo "1485"]
[PlyCount "96"]
[EventDate "2009.??.??"]

1. e4 Nc6 2. Nf3 e5 3. Bb5 a6 4. Ba4 d6 5. d3 f5 6. Bg5 Be7 7. Bxe7 Ngxe7 8.
Nbd2 O-O 9. Bb3+ Kh8 10. Ng5 Qe8 11. Ne6 Bxe6 12. Bxe6 Qg6 13. exf5 Nxf5 14.
Bd5 Nfe7 15. Bf3 Qf6 16. Ne4 Qg6 17. g3 Qf7 18. Bg2 d5 19. O-O dxe4 20. Bxe4
Qf6 21. c3 Rf7 22. Rc1 Raf8 23. Rc2 b5 24. a3 Nd8 25. b4 Ne6 26. Qh5 g6 27. Qd1
c6 28. Qe2 Qg5 29. Kh1 Qf6 30. Kg1 Nd5 31. Qg4 Ne3 32. Qe2 Nxc2 33. Qxc2 Ng5
34. Bg2 Nf3+ 35. Kh1 Qf5 36. Qe2 Rd7 37. Rd1 Rdf7 38. Rf1 Qh5 39. h3 Ng5 40.
Qxe5+ Kg8 41. g4 Qh4 42. Bxc6 Qxh3+ 43. Kg1 Qxg4+ 44. Kh1 Qh3+ 45. Kg1 Nf3+ 46.
Bxf3 Qxf3 47. Qe6 Qf6 48. Qd6 Qxd6 0-1

[Event "Amager Klubmesterskab 2009"]
[Site "Sundbyoster"]
[Date "2009.03.03"]
[Round "2"]
[White "Lunding, Peter M"]
[Black "Nielsen, Jens Holm"]
[Result "1-0"]
[WhiteElo "1912"]
[BlackElo "1829"]
[PlyCount "107"]
[EventDate "2009.??.??"]

1. d4 f5 2. Nf3 Nf6 3. g3 g6 4. Bg2 Bg7 5. O-O O-O 6. Nbd2 d6 7. c3 c6 8. Qc2
d5 9. Ne5 Nbd7 10. Nd3 Re8 11. Nf3 Ne4 12. Bf4 e6 13. h4 b6 14. Nfe5 Nxe5 15.
Bxe5 g5 16. Bxg7 Kxg7 17. hxg5 Nxg5 18. f4 Ne4 19. Bxe4 dxe4 20. Ne5 Ba6 21.
Nxc6 Qc8 22. Ne5 h5 23. Rf2 Rh8 24. e3 Qe8 25. Rh2 Rc8 26. Kf2 Rc7 27. Rah1 Kf8
28. g4 fxg4 29. Nxg4 Bd3 30. Qd2 Rch7 31. Ne5 h4 32. Nxd3 exd3 33. Qxd3 e5 34.
Qf5+ Rf7 35. Qxe5 Qxe5 36. dxe5 Rh5 37. Rxh4 Rxe5 38. Rh8+ Ke7 39. R8h7 Ra5 40.
Rxf7+ Kxf7 41. a3 Rb5 42. b4 Rd5 43. Rh7+ Kg6 44. Rxa7 Rd2+ 45. Kf3 Rd3 46. c4
Rb3 47. Ra6 Rc3 48. Rxb6+ Kf5 49. c5 Rxa3 50. Rh6 Rb3 51. b5 Rb4 52. e4+ Rxe4
53. Rh5+ Ke6 54. Kxe4 1-0

[Event "Amager Klubmesterskab 2009"]
[Site "Sundbyoster"]
[Date "2009.02.03"]
[Round "2"]
[White "Moller, Arne Vagn"]
[Black "Nielsen, Bjorn"]
[Result "1-0"]
[WhiteElo "1764"]
[BlackElo "1083"]
[PlyCount "45"]
[EventDate "2009.??.??"]

1. e4 e5 2. Nf3 d6 3. d4 exd4 4. Nxd4 Be7 5. Nc3 Nf6 6. Be2 O-O 7. O-O c5 8.
Nf3 Nc6 9. b3 b6 10. Bb2 Nd7 11. Nd5 Nde5 12. Nxe5 Nxe5 13. f4 Ng6 14. c4 Be6
15. Nxe7+ Nxe7 16. f5 Bxc4 17. Bxc4 Nc6 18. Bd5 Rc8 19. f6 Ne5 20. Bxe5 dxe5
21. Qg4 g5 22. Qxg5+ Kh8 23. Qg7# 1-0

[Event "Amager Klubmesterskab 2009"]
[Site "Sundbyoster"]
[Date "2009.02.03"]
[Round "2"]
[White "Nielsen, John Holm"]
[Black "Sorensen, Johnny"]
[Result "1-0"]
[WhiteElo "2003"]
[BlackElo "1273"]
[PlyCount "59"]
[EventDate "2009.??.??"]

1. Nc3 d5 2. e4 c6 3. g3 e6 4. Bg2 Nd7 5. d3 Bd6 6. f4 d4 7. Nce2 e5 8. Nf3 h6
9. fxe5 Bxe5 10. Nexd4 Bc7 11. O-O Ne7 12. Be3 Ne5 13. Nxe5 Bxe5 14. c3 c5 15.
Nf3 Qc7 16. Nxe5 Qxe5 17. d4 cxd4 18. cxd4 Qb5 19. d5 O-O 20. Bd4 Ng6 21. a4
Qe8 22. Qh5 Bd7 23. b3 b6 24. e5 Bc8 25. Rae1 Ba6 26. Rf2 f6 27. e6 Kh7 28. d6
Rb8 29. Be4 Bb7 30. d7 1-0

[Event "Amager Klubmesterskab 2009"]
[Site "Sundbyoster"]
[Date "2009.02.03"]
[Round "2"]
[White "Svensson, John Michael"]
[Black "Gade, Jens"]
[Result "1-0"]
[WhiteElo "1518"]
[BlackElo "1394"]
[PlyCount "41"]
[EventDate "2009.??.??"]

1. e4 e5 2. Nf3 Nc6 3. Nc3 Nf6 4. Bc4 d6 5. Ng5 Be6 6. Bxe6 fxe6 7. Nxe6 Qe7 8.
Nxf8 Rxf8 9. d3 Qf7 10. Be3 h5 11. h3 O-O-O 12. Qd2 d5 13. Bg5 dxe4 14. Bxf6
Qxf6 15. Nxe4 Qf5 16. Qg5 Nb4 17. Qc1 Rxd3 18. O-O Nxc2 19. Re1 Rd4 20. Qxc2
Rxe4 21. Rxe4 1-0

[Event "Amager Klubmesterskab 2009"]
[Site "Sundbyoster"]
[Date "2009.02.03"]
[Round "2"]
[White "Varming, Thomas"]
[Black "Friis, Jordy"]
[Result "1-0"]
[WhiteElo "1820"]
[BlackElo "1427"]
[PlyCount "79"]
[EventDate "2009.??.??"]

1. d4 d5 2. Nf3 Nf6 3. c4 dxc4 4. Nc3 e6 5. e3 c5 6. Bxc4 a6 7. a4 Nbd7 8. O-O
Be7 9. e4 Nb6 10. Bb3 O-O 11. a5 cxd4 12. Nxd4 Nbd7 13. Bxe6 Nc5 14. Bd5 Nxd5
15. Nxd5 Nxe4 16. Nxe7+ Qxe7 17. Re1 Rd8 18. Be3 Qb4 19. f3 Nf6 20. Ra4 Qxb2
21. Re2 Qc3 22. Bg5 Qc6 23. Qa1 Qd6 24. Rb2 Qe5 25. Bxf6 Qxf6 26. Rb6 Qe5 27.
Qc3 Bd7 28. Rc4 Bc6 29. Nxc6 Rd1+ 30. Kf2 Qxc3 31. Rxc3 bxc6 32. Rcxc6 Ra1 33.
Rxa6 Rd8 34. Ra7 Ra2+ 35. Kg3 g6 36. Rf6 Ra4 37. Rfxf7 Rb8 38. Rg7+ Kf8 39.
Rxh7 Rd4 40. Rh8# 1-0

[Event "Amager Klubmesterskab 2009"]
[Site "Sundbyoster"]
[Date "2009.02.10"]
[Round "3"]
[White "Friis, Jordy"]
[Black "Nielsen, Mogens Bach"]
[Result "0-1"]
[WhiteElo "1427"]
[BlackElo "1755"]
[PlyCount "76"]
[EventDate "2009.??.??"]

1. e4 Nf6 2. e5 Nd5 3. c4 Nb6 4. c5 Nd5 5. Bc4 e6 6. Nc3 Nxc3 7. dxc3 Nc6 8.
Bf4 Qh4 9. Qd2 Nxe5 10. Bxe5 Qxc4 11. Qd4 Qxd4 12. cxd4 d6 13. cxd6 cxd6 14.
Bg3 Bd7 15. Rc1 Be7 16. Ne2 Bc6 17. O-O Kd7 18. Rfe1 Rac8 19. Nc3 h5 20. h3 Bf6
21. Red1 b5 22. d5 exd5 23. Nxd5 Bxd5 24. Rxc8 Rxc8 25. Rxd5 Rc5 26. Rxd6+ Ke7
27. Ra6 Rc1+ 28. Kh2 Bd4 29. b3 Rc2 30. Bb8 h4 31. Ra5 Bxf2 32. Rxb5 Rxa2 33.
Re5+ Kf6 34. Re4 g5 35. b4 Kg6 36. Be5 Kf5 37. Rg4 Kxe5 38. Rxg5+ Kf6 0-1

[Event "Amager Klubmesterskab 2009"]
[Site "Sundbyoster"]
[Date "2009.03.03"]
[Round "3"]
[White "Gade, Jens"]
[Black "Moller, Arne Vagn"]
[Result "0-1"]
[WhiteElo "1394"]
[BlackElo "1764"]
[PlyCount "63"]
[EventDate "2009.??.??"]

1. f4 c5 2. e3 d6 3. Nf3 Nf6 4. Be2 e6 5. O-O Be7 6. b3 Nc6 7. Bb2 Qc7 8. c4 h6
9. Nc3 a6 10. a3 Bd7 11. Qe1 O-O-O 12. d4 g5 13. d5 exd5 14. Nxd5 Nxd5 15. cxd5
Rhg8 16. dxc6 Bxc6 17. fxg5 Bxg5 18. Nxg5 Rxg5 19. g3 Re8 20. Bf6 Rgg8 21. Qf2
Bd7 22. Qf4 Bh3 23. Rfd1 Rg6 24. Kf2 Re6 25. Bb2 Qe7 26. Ke1 Rxe3 27. Rd2 Rge6
28. Qc4 b5 29. Qd5 Rxe2+ 30. Kd1 Rxd2+ 31. Qxd2 Bg4+ 32. Kc2 0-1

[Event "Amager Klubmesterskab 2009"]
[Site "Sundbyoster"]
[Date "2009.03.03"]
[Round "3"]
[White "Jacobsen, Mads Holger Bang"]
[Black "Petersen, Nils"]
[Result "1-0"]
[WhiteElo "1791"]
[BlackElo "2032"]
[PlyCount "91"]
[EventDate "2009.??.??"]

1. d4 Nf6 2. c4 e6 3. Nc3 Bb4 4. Qc2 c5 5. dxc5 Nc6 6. Nf3 O-O 7. a3 Bxc5 8.
Bg5 Be7 9. e3 h6 10. Bh4 Nh5 11. Bxe7 Qxe7 12. Be2 f5 13. g3 g5 14. O-O-O Nf6
15. h4 g4 16. Ne1 b6 17. Ng2 Bb7 18. Nf4 Ne5 19. Rhe1 Rfc8 20. Rd4 Ne4 21. Nxe4
Bxe4 22. Qc3 Nc6 23. Rd2 d5 24. Kd1 Na5 25. Qe5 Nxc4 26. Bxc4 Rxc4 27. Ng6 Bf3+
28. Ree2 Qg7 29. Qxe6+ Kh7 30. Ne5 Bxe2+ 31. Kxe2 Re4 32. Qxf5+ Kg8 33. Qe6+
Kh7 34. Qxd5 Rxe5 35. Qxa8 Qf7 36. Qc6 Re7 37. Qd5 Qf6 38. Qd3+ Kg8 39. Qc4+
Kh7 40. Qxg4 Qe5 41. Qf3 Qb5+ 42. Ke1 Qc5 43. Qd1 Qa5 44. Qc2+ Kg8 45. b4 Qxa3
46. Qg6+ 1-0

[Event "Amager Klubmesterskab 2009"]
[Site "Sundbyoster"]
[Date "2009.02.10"]
[Round "3"]
[White "Kokholm, Daniel"]
[Black "Svensson, John Michael"]
[Result "1-0"]
[WhiteElo "1909"]
[BlackElo "1518"]
[PlyCount "97"]
[EventDate "2009.??.??"]

1. e4 Nc6 2. d4 e6 3. Be3 Nf6 4. f3 d5 5. e5 Nd7 6. f4 Nb6 7. Nf3 Be7 8. c3 Bd7
9. Bd3 Nc4 10. Bc1 O-O 11. b3 Nb6 12. Ba3 Bxa3 13. Nxa3 f5 14. Nc2 Ne7 15. O-O
Ng6 16. Ng5 h6 17. Nh3 Qh4 18. Ne1 Rf7 19. Kh1 Qe7 20. Qh5 Nh8 21. Rf3 Qf8 22.
Rg3 g6 23. Nf3 Re7 24. Nh4 Be8 25. Qe2 Rg7 26. Rg1 Qe7 27. Nf3 Nf7 28. Qd2 Nd7
29. Nf2 Nf8 30. Rh3 h5 31. c4 c6 32. cxd5 cxd5 33. Rc1 Nh6 34. Nd1 a6 35. Qc3
b6 36. a4 Ra7 37. Qd2 Qd8 38. Ne1 a5 39. Be2 Ng4 40. Rhc3 Rac7 41. Nf3 Rxc3 42.
Qxc3 Re7 43. Qc8 Qxc8 44. Rxc8 Kg7 45. h3 Nh6 46. Nc3 Nd7 47. Bb5 Nf7 48. Bc6
Kf8 49. Nb5 1-0

[Event "Amager Klubmesterskab 2009"]
[Site "Sundbyoster"]
[Date "2009.02.10"]
[Round "3"]
[White "Larsen, Kim"]
[Black "Larsen, Ulrik Jejlskov"]
[Result "1-0"]
[WhiteElo "1538"]
[BlackElo "1638"]
[PlyCount "81"]
[EventDate "2009.??.??"]

1. e4 d5 2. exd5 Qxd5 3. Nc3 Qa5 4. d4 Nf6 5. Bd2 c6 6. Bd3 Bg4 7. f3 Bh5 8.
Ne4 Qc7 9. Nxf6+ gxf6 10. Qe2 Nd7 11. O-O-O O-O-O 12. Qf2 Nb6 13. Ne2 Nd5 14.
c4 Nb6 15. Bf4 Qd7 16. Rd2 Bg6 17. Bxg6 hxg6 18. Rc2 Bh6 19. Bxh6 Rxh6 20. Qe3
Rdh8 21. h3 Qe6 22. Qc3 Kb8 23. Re1 Rd8 24. b3 g5 25. Rd2 f5 26. Rd3 Qd7 27. a4
Qc7 28. a5 Nc8 29. Qd2 f4 30. c5 e6 31. Qb4 Ne7 32. Nc3 Nf5 33. Ne4 Ne3 34. Re2
Nd5 35. Qd2 Qe7 36. Kb2 Nc7 37. Nd6 Nb5 38. Nf5 Qf6 39. Nxh6 Nxd4 40. Qc3 e5
41. Ng4 1-0

[Event "Amager Klubmesterskab 2009"]
[Site "Sundbyoster"]
[Date "2009.02.10"]
[Round "3"]
[White "Nielsen, Jens Holm"]
[Black "Justesen, Martin"]
[Result "1-0"]
[WhiteElo "1829"]
[BlackElo "1467"]
[PlyCount "123"]
[EventDate "2009.??.??"]

1. Nc3 d5 2. e4 d4 3. Nce2 e5 4. Ng3 Nf6 5. Bc4 h5 6. d3 h4 7. N3e2 Bb4+ 8. c3
Ba5 9. Bd2 Nc6 10. cxd4 Bxd2+ 11. Qxd2 Nxd4 12. Nxd4 Qxd4 13. Nf3 Qd6 14. Qg5
Qb4+ 15. Nd2 Qd6 16. Nf3 Qb4+ 17. Qd2 Qxd2+ 18. Kxd2 Rh5 19. h3 Ke7 20. Rhe1 c5
21. Rac1 b6 22. a3 a5 23. b4 cxb4 24. axb4 a4 25. Bd5 Nxd5 26. exd5 Kd6 27.
Rc6+ Kxd5 28. Rec1 Bd7 29. Rxb6 Rc8 30. Rxc8 Bxc8 31. Rb5+ Kd6 32. Ra5 Bd7 33.
d4 f6 34. b5 e4 35. Ra6+ Kd5 36. b6 Rh8 37. Ra5+ Kc6 38. Ne1 Kxb6 39. Rd5 Bc6
40. Rc5 Ra8 41. Rc1 a3 42. Nc2 a2 43. Kc3 e3 44. fxe3 Bxg2 45. Ra1 Bxh3 46. Ne1
Be6 47. e4 g5 48. d5 Bd7 49. Nd3 g4 50. Nb4 h3 51. Nxa2 g3 52. Rb1+ Kc7 53. Nb4
g2 54. d6+ Kxd6 55. Rd1+ Ke6 56. Nd5 Rc8+ 57. Kd4 h2 58. Nf4+ Ke7 59. Nxg2 Bh3
60. Nf4 Bg4 61. Rh1 Rh8 62. Ng6+ 1-0

[Event "Amager Klubmesterskab 2009"]
[Site "Sundbyoster"]
[Date "2009.02.10"]
[Round "3"]
[White "Sorensen, Johnny"]
[Black "Herup, Charni"]
[Result "1/2-1/2"]
[WhiteElo "1273"]
[BlackElo "1485"]
[PlyCount "105"]
[EventDate "2009.??.??"]

1. d4 Nc6 2. e4 e5 3. Nf3 exd4 4. Bc4 Nf6 5. O-O Nxe4 6. Nxd4 Nf6 7. Re1+ Be7
8. Nf3 O-O 9. Nc3 a6 10. a3 h6 11. Nd5 Nxd5 12. Qxd5 Bf6 13. c3 Ne7 14. Qh5 d5
15. Bd3 Ng6 16. Bd2 Nh8 17. Re2 g6 18. Qxh6 Bg7 19. Qf4 c6 20. Rae1 Qf6 21.
Qxf6 Bxf6 22. Bh6 Bg7 23. Bxg7 Kxg7 24. Re7 Rb8 25. Ng5 Kh6 26. R1e5 Kg7 27.
Re3 Kg8 28. Rg3 f6 29. Nf3 f5 30. Nh4 Rf7 31. Nxg6 Nxg6 32. Rxg6+ Kf8 33. Re5
Bd7 34. Rg5 Re8 35. Rxe8+ Kxe8 36. h4 Ke7 37. h5 Kf6 38. Rg6+ Ke7 39. h6 Rh7
40. Rg7+ Rxg7 41. hxg7 Kf7 42. f4 Kxg7 43. Kf2 b5 44. Kg3 Kf6 45. Kh4 c5 46.
Be2 Be6 47. g4 fxg4 48. Bxg4 Bxg4 49. Kxg4 a5 50. f5 d4 51. Kf4 d3 52. Ke3 Kxf5
53. Kxd3 1/2-1/2

[Event "Amager Klubmesterskab 2009"]
[Site "Sundbyoster"]
[Date "2009.02.26"]
[Round "3"]
[White "Varming, Thomas"]
[Black "Lunding, Peter M"]
[Result "1/2-1/2"]
[WhiteElo "1820"]
[BlackElo "1912"]
[PlyCount "66"]
[EventDate "2009.??.??"]

1. d4 d5 2. c4 e6 3. Nc3 Nf6 4. Bg5 Nbd7 5. Nf3 c6 6. e3 Qa5 7. Nd2 dxc4 8.
Bxf6 Nxf6 9. Bxc4 Bb4 10. Qc2 Nd5 11. Rc1 O-O 12. O-O Nxc3 13. bxc3 Be7 14. f4
Qc7 15. Nf3 h6 16. Ne5 c5 17. Rf3 b6 18. Rg3 Bh4 19. Rh3 Be7 20. Qd1 Bf6 21.
Ng4 Qd8 22. Qf3 Rb8 23. Qg3 g6 24. f5 Rb7 25. Nxh6+ Kg7 26. fxe6 Bxe6 27. Bxe6
fxe6 28. Rf1 cxd4 29. exd4 Bxd4+ 30. cxd4 Qxd4+ 31. Qe3 Qxe3+ 32. Rxe3 Rxf1+
33. Kxf1 Kxh6 1/2-1/2

[Event "Amager Klubmesterskab 2009"]
[Site "Sundbyoster"]
[Date "2009.02.17"]
[Round "4"]
[White "Herup, Charni"]
[Black "Gade, Jens"]
[Result "0-1"]
[WhiteElo "1485"]
[BlackElo "1394"]
[PlyCount "72"]
[EventDate "2009.??.??"]

1. d4 d5 2. e4 dxe4 3. Nc3 Nf6 4. f3 exf3 5. Nxf3 g6 6. Bc4 Bg7 7. O-O O-O 8.
Bg5 Bg4 9. Qd2 Bxf3 10. Rxf3 Nc6 11. Rd1 a6 12. a3 Qd7 13. Bxf6 exf6 14. Ne2
Rad8 15. c3 Ne5 16. Bxf7+ Qxf7 17. Rff1 Nc4 18. Qc1 Rfe8 19. Rf2 Qe6 20. Ng3
Qd5 21. b3 Ne3 22. c4 Qg5 23. Re1 f5 24. Rfe2 Bxd4 25. Kh1 f4 26. Nf1 c5 27.
Qb1 Kf7 28. Qc1 Nxf1 29. Rxe8 Rxe8 30. Rxe8 Kxe8 31. Qxf1 Qe5 32. Qd1 Qe3 33.
h3 Kf7 34. a4 a5 35. Qf1 Kf6 36. Qf3 Qg1# 0-1

[Event "Amager Klubmesterskab 2009"]
[Site "Sundbyoster"]
[Date "2009.04.07"]
[Round "4"]
[White "Justesen, Martin"]
[Black "Moller, Arne Vagn"]
[Result "0-1"]
[WhiteElo "1467"]
[BlackElo "1764"]
[PlyCount "62"]
[EventDate "2009.??.??"]

1. e4 c5 2. Nf3 d6 3. d4 cxd4 4. Nxd4 Nf6 5. Nc3 a6 6. f4 Qc7 7. Be2 e6 8. a4
Nc6 9. Be3 Be7 10. O-O O-O 11. Qe1 Bd7 12. Qg3 Rac8 13. f5 Nxd4 14. Bxd4 exf5
15. exf5 Bc6 16. Be3 Rfe8 17. Bh6 Bf8 18. Bg5 d5 19. Qxc7 Rxc7 20. Bxf6 gxf6
21. Bd3 Bc5+ 22. Kh1 Rce7 23. h3 Bd6 24. b3 Be5 25. Na2 Bxa1 26. Rxa1 Re1+ 27.
Rxe1 Rxe1+ 28. Kh2 d4 29. Nb4 Be4 30. Bxe4 Rxe4 31. Nd3 Re2 0-1

[Event "Amager Klubmesterskab 2009"]
[Site "Sundbyoster"]
[Date "2009.02.17"]
[Round "4"]
[White "Kokholm, Daniel"]
[Black "Varming, Thomas"]
[Result "1-0"]
[WhiteElo "1909"]
[BlackElo "1820"]
[PlyCount "61"]
[EventDate "2009.??.??"]

1. d4 Nf6 2. Nc3 d5 3. e4 dxe4 4. f3 exf3 5. Nxf3 Bg4 6. h3 Bh5 7. g4 Bg6 8.
Ne5 e6 9. Qf3 c6 10. g5 Bh5 11. Qf2 Nfd7 12. Be2 Nxe5 13. Bxh5 Ng6 14. Rf1 Qd7
15. Bd2 Bb4 16. O-O-O Na6 17. a3 Ba5 18. Bg4 Rf8 19. Rfe1 Bb6 20. Be3 Nc7 21.
d5 Bxe3+ 22. Qxe3 cxd5 23. Qd4 Ne7 24. Qxg7 O-O-O 25. Qxh7 Nb5 26. Nxb5 Qxb5
27. Bxe6+ Kb8 28. Bxf7 Rd7 29. Bh5 Nf5 30. Qg6 Ne7 31. Rxe7 1-0

[Event "Amager Klubmesterskab 2009"]
[Site "Sundbyoster"]
[Date "2009.02.17"]
[Round "4"]
[White "Larsen, Kim"]
[Black "Sorensen, Johnny"]
[Result "1-0"]
[WhiteElo "1538"]
[BlackElo "1273"]
[PlyCount "59"]
[EventDate "2009.??.??"]

1. e4 e5 2. Nf3 Nc6 3. Bb5 Bc5 4. d3 f5 5. Bg5 Nf6 6. Nbd2 h6 7. Bxf6 Qxf6 8.
Qe2 g5 9. Bxc6 bxc6 10. exf5 O-O 11. g4 d5 12. O-O-O Ba6 13. Qxe5 Qxe5 14. Nxe5
Bxf2 15. Nxc6 Rae8 16. Nf3 Rf6 17. Nce5 d4 18. Kb1 Bb7 19. Rhf1 Be3 20. Nc4 c5
21. Rde1 Bd5 22. Nfe5 Bg2 23. Nxe3 dxe3 24. Rg1 Rxe5 25. Rxg2 Rd6 26. Rg3 Rd4
27. h3 Rf4 28. Kc1 e2 29. Kd2 Rf2 30. Re3 1-0